[Event "Novokuznetsk SFO-ch U17"]
[Site "Novokuznetsk"]
[Date "2014.11.10"]
[Round "9"]
[White "Balzhinov, Evgeny"]
[Black "Sorokovyh, Anton"]
[Result "0-1"]
[WhiteElo "800"]
[BlackElo "2032"]
[PlyCount "84"]
[EventDate "2014.11.02"]
[EventType "swiss"]
[EventRounds "9"]
[EventCountry "RUS"]
[SourceTitle "CBM 163 Extra"]
[Source "ChessBase"]
[SourceDate "2014.12.23"]
[SourceVersion "1"]
[SourceVersionDate "2014.12.23"]
[SourceQuality "1"]

1. e4 c5 2. Nf3 d6 3. d4 cxd4 4. Nxd4 Nf6 5. Nc3 a6 6. h3 e5 7. Nde2 Be7 8. Bg5 Be6 9. Ng3 b5 10. Nf5 Bxf5 11. exf5 Qd7 12. Nd5 Nxd5 13. Qxd5 Qc6 14. Qxc6+ Nxc6 15. Bxe7 Kxe7 16. c3 h5 17. Be2 Kf6 18. Bf3 Rac8 19. Rd1 Ke7 20. 0-0 Rc7 21. Rd3 h4 22. Rfd1 Rd8 23. Bxc6 Rxc6 24. g4 Rc4 25. Kg2 Ra4 26. a3 Rf4 27. b3 g6 28. fxg6 fxg6 29. f3 Ke6 30. Rd5 Rf7 31. c4 bxc4 32. bxc4 Rc7 33. Ra5 Ra8 34. Rad5 Rc6 35. Kf2 Rf8 36. Ke3 Rf4 37. c5 dxc5 38. Rd8 Rd4 39. R1xd4 cxd4+ 40. Ke2 Rc2+ 41. Kf1 Rc3 42. Re8+ Kd5 0-1

[Event "Novokuznetsk SFO-ch U17"]
[Site "Novokuznetsk"]
[Date "2014.11.06"]
[Round "5"]
[White "Radionov, Timur"]
[Black "Sorokovyh, Anton"]
[Result "1/2-1/2"]
[WhiteElo "1913"]
[BlackElo "2032"]
[PlyCount "38"]
[EventDate "2014.11.02"]
[EventType "swiss"]
[EventRounds "9"]
[EventCountry "RUS"]
[SourceTitle "CBM 163 Extra"]
[Source "ChessBase"]
[SourceDate "2014.12.23"]
[SourceVersion "1"]
[SourceVersionDate "2014.12.23"]
[SourceQuality "1"]

1. e4 c5 2. Nc3 d6 3. f4 g6 4. Nf3 Bg7 5. Bb5+ Bd7 6. Bc4 Nc6 7. d3 Na5 8. Bb3 Nxb3 9. axb3 e6 10. 0-0 Ne7 11. Qe1 0-0 12. Kh1 a6 13. Be3 Rc8 14. Qf2 Qc7 15. Qh4 Rce8 16. Qf2 Rc8 17. Qh4 Rce8 18. Qf2 Rc8 19. Qh4 Rce8 1/2-1/2

[Event "Novokuznetsk SFO-ch U17"]
[Site "Novokuznetsk"]
[Date "2014.11.04"]
[Round "3"]
[White "Vartanov, Dmitriy"]
[Black "Sorokovyh, Anton"]
[Result "1/2-1/2"]
[WhiteElo "1897"]
[BlackElo "2032"]
[PlyCount "58"]
[EventDate "2014.11.02"]
[EventType "swiss"]
[EventRounds "9"]
[EventCountry "RUS"]
[SourceTitle "CBM 163 Extra"]
[Source "ChessBase"]
[SourceDate "2014.12.23"]
[SourceVersion "1"]
[SourceVersionDate "2014.12.23"]
[SourceQuality "1"]

1. e4 c5 2. c3 d5 3. exd5 Qxd5 4. d4 Nc6 5. Nf3 Bg4 6. Be2 cxd4 7. cxd4 e6 8. Nc3 Qa5 9. 0-0 Nf6 10. h3 Bh5 11. Qb3 Bb4 12. a3 Bxc3 13. Qxb7 0-0 14. Qxc6 Bxf3 15. Qxf3 Bxd4 16. b4 Qb6 17. Rb1 Rac8 18. Bb2 Nd5 19. Bxd4 Qxd4 20. Rfd1 Qe5 21. Ba6 Rc6 22. Bb7 Rc3 23. Rd3 Rxd3 24. Qxd3 Nc3 25. Rb2 Nb5 26. Re2 Qc7 27. Be4 Rd8 28. Qc2 Qb8 29. Re1 Nxa3 1/2-1/2

[Event "Koltsovo op"]
[Site "Koltsovo"]
[Date "2014.07.03"]
[Round "6"]
[White "Sorokovyh, Anton"]
[Black "Kuklin, Ilya"]
[Result "1-0"]
[WhiteElo "1990"]
[BlackElo "1826"]
[PlyCount "115"]
[EventDate "2014.06.28"]
[EventType "swiss"]
[EventRounds "9"]
[EventCountry "RUS"]
[SourceTitle "CBM 161 Extra"]
[Source "ChessBase"]
[SourceDate "2014.08.29"]
[SourceVersion "1"]
[SourceVersionDate "2014.08.29"]
[SourceQuality "1"]

1. e4 c5 2. Nf3 e6 3. g3 Qc7 4. Bg2 a6 5. 0-0 d6 6. d3 Nc6 7. c3 g6 8. Re1 Bg7 9. Nbd2 Nge7 10. a4 0-0 11. Nc4 Bd7 12. a5 h6 13. Qe2 e5 14. Nb6 Rad8 15. Nd5 Nxd5 16. exd5 Nxa5 17. Ra3 b6 18. Be3 Nb7 19. d4 exd4 20. cxd4 Bb5 21. Qd2 Kh7 22. Bf4 Rfe8 23. Rae3 Rxe3 24. Bxe3 c4 25. Qb4 Qd7 26. Nd2 a5 27. Qc3 Rc8 28. Rc1 a4 29. Qb4 Na5 30. Bf1 Rc7 31. Rc3 Bf6 32. Bxc4 Bxc4 33. Nxc4 Nxc4 34. Rxc4 Rxc4 35. Qxc4 h5 36. Qc6 Qxc6 37. dxc6 Bd8 38. Bg5 Bc7 39. Bf6 g5 40. Bxg5 Kg6 41. Bd2 Kf5 42. f3 Ke6 43. Kf2 Kd5 44. Ke3 Kxc6 45. Ke4 d5+ 46. Kf5 Kb5 47. Kf6 Kc4 48. Kxf7 Kxd4 49. Ke6 Kd3 50. Bg5 d4 51. f4 Kc2 52. f5 Kxb2 53. f6 a3 54. f7 a2 55. Bf6 Kc3 56. f8Q a1Q 57. Bxd4+ Kxd4 58. Qh8+ 1-0

[Event "Koltsovo op"]
[Site "Koltsovo"]
[Date "2014.07.01"]
[Round "4"]
[White "Kondrakhin, Pavel"]
[Black "Sorokovyh, Anton"]
[Result "1/2-1/2"]
[WhiteElo "1917"]
[BlackElo "1990"]
[PlyCount "42"]
[EventDate "2014.06.28"]
[EventType "swiss"]
[EventRounds "9"]
[EventCountry "RUS"]
[SourceTitle "CBM 161 Extra"]
[Source "ChessBase"]
[SourceDate "2014.08.29"]
[SourceVersion "1"]
[SourceVersionDate "2014.08.29"]
[SourceQuality "1"]

1. c4 d6 2. g3 e5 3. Bg2 Nf6 4. Nc3 g6 5. d3 Bg7 6. Nf3 0-0 7. 0-0 c6 8. Bg5 h6 9. Bxf6 Qxf6 10. Nd2 Qe7 11. Rb1 a5 12. a3 f5 13. Qc2 Be6 14. b4 axb4 15. axb4 Ra3 16. Qb2 Ra7 17. b5 Qd7 18. Ra1 Rxa1 19. Rxa1 Qc7 20. Qa3 Rd8 21. Rb1 d5 1/2-1/2

[Event "Koltsovo op"]
[Site "Koltsovo"]
[Date "2014.06.30"]
[Round "3"]
[White "Sorokovyh, Anton"]
[Black "Mikhalev, Vladimir"]
[Result "1/2-1/2"]
[WhiteElo "1990"]
[BlackElo "2150"]
[PlyCount "107"]
[EventDate "2014.06.28"]
[EventType "swiss"]
[EventRounds "9"]
[EventCountry "RUS"]
[SourceTitle "CBM 161 Extra"]
[Source "ChessBase"]
[SourceDate "2014.08.29"]
[SourceVersion "1"]
[SourceVersionDate "2014.08.29"]
[SourceQuality "1"]

1. e4 c5 2. Nf3 Nf6 3. d3 Nc6 4. g3 e5 5. Bg2 d6 6. 0-0 Be7 7. c3 0-0 8. Re1 Bg4 9. h3 Bd7 10. Nbd2 h6 11. Nf1 Nh7 12. g4 Ng5 13. Ng3 Nxf3+ 14. Qxf3 Bg5 15. Nf5 Bxc1 16. Raxc1 Be6 17. b3 b5 18. d4 cxd4 19. cxd4 Nxd4 20. Nxd4 exd4 21. Qd3 Qa5 22. Re2 Rac8 23. Rd1 Rc3 24. Qxd4 Rfc8 25. Rdd2 h5 26. f4 hxg4 27. f5 Rc1+ 28. Kh2 R8c3 29. hxg4 Qd8 30. Rd3 Rxd3 31. Qxd3 Bc8 32. e5 Qh4+ 33. Qh3 Qe7 34. Qe3 Qh4+ 35. Qh3 Qxh3+ 36. Kxh3 dxe5 37. Rxe5 Rc3+ 38. Kh2 Bd7 39. Bd5 Rd3 40. b4 Kf8 41. Bb3 Bc6 42. Rc5 Rd6 43. Kg3 Ke7 44. Kf4 Rd4+ 45. Ke3 Rd6 46. Kf4 f6 47. Ke3 Kd7 48. Rc1 Kc7 49. Rd1 Rxd1 50. Bxd1 Bd5 51. a3 Kd6 52. Kd4 Bc4 53. Bf3 Bf1 54. Ke4 1/2-1/2